000 00463nam a22001817a 4500
005 20250718121652.0
008 250718b |||||||| |||| 00| 0 eng d
020 _a9780140058116
_qpbk
041 _aeng
082 _a823.914 CHE
100 _aChen Yuan- Tsung
245 _aThe Dragon Village
_c/ Yuan-Tsung Chen
250 _a1st ed
260 _aNew York
_bPenguin Book
_c1980
300 _a285p. :
_c22cm
650 _aEnglish Fiction
942 _cENGLISH
999 _c576150
_d576150